|
|
|
|
| LEADER |
00832nab a2200193 i 4500 |
| 001 |
misc7714 |
| 005 |
20191106144105.0 |
| 008 |
170607s1901 hu o 0|| hun d |
| 022 |
|
|
|a 0025-0260
|
| 040 |
|
|
|a SZTE Miscellanea Repozitórium
|b hun
|
| 041 |
|
|
|a hun
|
| 100 |
1 |
|
|a Máthé György
|
| 245 |
1 |
0 |
|a Balogh Péter
|h [elektronikus dokumentum] :
|b Magyar olvasó könyv [!olvasókönyv] a középiskolák I. oszt. számára : 1899. Singer és Wolfner. Ára 2 K. 40 fil : [könyvismertetés] /
|c Máthé György
|
| 260 |
|
|
|c 1901
|
| 300 |
|
|
|a 431-434
|
| 490 |
0 |
|
|a Magyar pedagógia : a Magyar Tudományos Akadémia Pedagógiai Bizottságának folyóirata
|v 10
|
| 695 |
|
|
|a Olvasókönyv középiskolai 1901, Olvasókönyv
|
| 700 |
0 |
1 |
|a Balogh Péter
|
| 856 |
4 |
0 |
|u http://misc.bibl.u-szeged.hu/7714/1/mp_1901_0753_431-434.pdf
|z Dokumentum-elérés
|